000 00309nam a22001337a 4500
008 180914b xxu||||| |||| 00| 0 eng d
020 _a081513875
041 _aeng
080 _a616
100 _a3
101 _aSHM
245 _aMedical Gases The Properties And Uses
_cGrant.W.J
942 _2udc
_cBK
999 _c47810
_d47810